000 01276cam a2200337 a 4500
001 15315405
005 20080916083443.0
008 080604s2009 njua 001 0 eng
010 _a 2008024745
015 _aGBA893197
_2bnb
016 7 _a014679680
_2Uk
020 _a9780137126026 (pbk. : alk. paper)
020 _a0137126026 (pbk. : alk. paper)
035 _a(OCoLC)ocn230916823
035 _a(OCoLC)230916823
040 _aDLC
_cDLC
_dBAKER
_dBTCTA
_dYDXCP
_dUKM
_dC#P
_dDLC
050 0 0 _aQA76.73.S67
_bP38 2009
082 0 0 _a005.7565
_222
_bPAT
100 1 _aPatrick, John J.
_95601
245 1 0 _aSQL fundamentals /
_cJohn J. Patrick.
250 _a3rd ed.
260 _aUpper Saddle River, NJ :
_bPrentice Hall,
_cc2009.
300 _axxviii, 803 p. :
_bill. ;
_c24 cm.
500 _aIncludes index.
630 0 0 _aOracle.
_95602
630 0 0 _aMicrosoft Access.
_95603
650 0 _aSQL (Computer program language)
_95604
942 _2ddc
_cBB
999 _c11686
_d11686